College Quizbowl Stats
College Quizbowl Stats
Circuits
Seasons
Sets
Records
Detailed Stats
About
Loading...
2023 BHSU @ Northwestern
Tossups
Bonuses
Players
Teams
Categories (Tossup)
Categories (Bonus)
Vedul Palavajjhala
WUSTL A
Categories
Category
Powers
Gets
Negs
BBs
Points
Earliest Buzz
Avg. Buzz
First Buzzes
Top 3 Buzzes
BPA
PVF
MB
1
7
3
0
70
47
95.13
0
6
0.00
0.00
AG
1
2
1
0
30
61
78.00
1
2
0.00
0.00
AR
0
3
1
1
25
112
116.67
0
0
0.00
0.00
RR
0
3
1
0
25
78
88.67
0
1
0.00
0.00
RC
1
2
3
1
20
65
106.67
1
1
0.00
0.00
AW
0
2
0
1
20
121
126.00
0
0
0.00
0.00
TR
0
1
0
0
10
126
126.00
0
0
0.00
0.00
BB
0
1
1
0
5
72
72.00
0
1
0.00
0.00
AK
0
0
2
0
-10
0.00
0
0
0.00
0.00
Buzzes
Category
Answer
Value
Buzz Position
MB
Nikolay Vasilievich Gogol
15
47
BB
birds
-5
61
AG
garden asparagus
15
61
RC
Alba Longa
15
65
RR
Lake Malawi
-5
67
AK
Cambodia
-5
71
BB
sunspots
10
72
MB
Titus Maccius Plautus
-5
75
AR
Blithe Spirit
-5
77
AK
Farm Security Administration
-5
77
Previous
1
2
3
4
Next